| 000 | 00877nam a2200253 a 4500 | ||
|---|---|---|---|
| 001 | 63738 | ||
| 003 | BD-RjUL | ||
| 005 | 20211209081228.0 | ||
| 008 | 170125r19711958nyu b 001 0 eng d | ||
| 035 | _a(BD-RjUL)63868 | ||
| 040 |
_aDLC _cDLC _dDLC _dBD-RjUL _beng |
||
| 041 | _aeng | ||
| 082 | 0 | 0 |
_223 _a813.43 _bFRI 1971 |
| 100 | 1 |
_aFryckstedt, Olov W., _d1920- _9189219 |
|
| 245 | 1 | 0 |
_aIn quest of America : _ba study of Howells' early development as a novelist / _cOlov W. Fryckstedt. |
| 260 |
_aNew York, _bRussell & Russell _c1958[Reissued1971] |
||
| 300 |
_a287 p. _c25 cm. |
||
| 504 | _aIncludes index and bibliography. | ||
| 600 |
_aHowells, William Dean _zAmerica. _xKnowledge _y1837-1920 _9189581 |
||
| 650 |
_aNational characteristics, American, in literature. _9189221 |
||
| 651 |
_aAmerica _xIn literature. _9189222 |
||
| 942 |
_2ddc _cBK |
||
| 999 |
_c63738 _d63738 |
||